000 00308nam a22001337a 4500
008 170721b xxu||||| |||| 00| 0 eng d
020 _a9781558705913
041 _aeng
080 _a004
100 _a29
101 _aSHKI
245 _aTHE GENEALOGISTS COMPUTER COMPANION
_cMCCLURE, R.R
942 _2udc
_cBK
999 _c21766
_d21766